000 00309pab a2200145 454500
008 180718b2006 xxu||||| |||| 00| 0 eng d
100 _aChaturvedi, Meena
245 _aBudgetary process
260 _c2006
300 _ap.59-62.
362 _aFeb
650 _aBudget
773 _aYojana
909 _a68735
999 _c68735
_d68735